| 000 | 00466nam a22001817a 4500 | ||
|---|---|---|---|
| 003 | OSt | ||
| 005 | 20140310184526.0 | ||
| 008 | 131022t xxu||||| |||| 00| 0 eng d | ||
| 020 | _a0439148073 | ||
| 050 |
_aPZ 7 _b.C5792 198 |
||
| 100 |
_aCleary, Beverly _96061 |
||
| 245 |
_aRamona Quimby, age 8 / _cCleary, Beverly. |
||
| 260 |
_aNew York : _bMorrow, _c1981. |
||
| 300 |
_a190 p. : _bill. ; _c21 cm |
||
| 521 | _aG6 | ||
| 526 | _c860 | ||
| 942 |
_2lcc _cBK-SCHOLAS |
||
| 999 |
_c35134 _d35134 |
||